Historia de Alejandro Magno
Sparad:
| Huvudupphovsman: | |
|---|---|
| Materialtyp: | Bok |
| Språk: | spanska |
| Publicerad: |
Barcelona
Iberia
1960
|
| Serie: | Obras Maestras
|
| Ämnen: | |
| Taggar: |
Lägg till en tagg
Inga taggar, Lägg till första taggen!
|
MARC
| LEADER | 00000nam a2200000 a 4500 | ||
|---|---|---|---|
| 001 | UCO5077 | ||
| 003 | CL-VaPUC | ||
| 008 | 000825e19600000SP |||||||||||||||||spa|d | ||
| 082 | 0 | 4 | |a 938.07 |b CUR |2 21 |
| 100 | 0 | |a Curcio Rufo, Quinto |e author |9 449825 | |
| 245 | 1 | 0 | |a Historia de Alejandro Magno |
| 300 | |a 259 p | ||
| 942 | |c BK | ||
| 945 | |d 20000825 00:00:00 |a crobeson | ||
| 260 | |a Barcelona |b Iberia |c 1960 | ||
| 600 | 0 | |a Magno, Alejandro |9 318232 | |
| 650 | 0 | |a Historia antigua |9 267521 | |
| 650 | 7 | |a IMPERIO MACEDONIO |2 CL-VaPUC |9 449826 | |
| 651 | 7 | |a MACEDONIA |2 CL-VaPUC |9 400582 | |
| 583 | |a last modification |c 20000825 00:00:00 |k Rodrigo Vera | ||
| 490 | 0 | |a Obras Maestras | |
| 999 | |c 291031 |d 291029 | ||
| 952 | |0 0 |1 0 |4 0 |6 938_070000000000000_CUR_1960 |7 0 |8 A |9 340674 |a BIBART |b BIBART |d 2019-11-20 |i 1218700 |o 938.07 CUR 1960 |p 1218700 |r 2025-03-13 |w 2019-11-20 |y BK |k ART | ||